000 00625nam a2200193Ia 4500
008 151121s9999||||xx |||||||||||||| ||und||
082 _a814/बागूल
082 _bHNW-10973
100 _aबागूल देवीदास
245 _a बालवाङ्मय
260 _b"चिरंजीव ग्रंथ प्रकाशन, पुणे।"
260 _c--
300 _a89
600 _aबागूल देवीदास
630 _a बालवाङ्मय
700 _aबागूल देवीदास
730 _a बालवाङ्मय
942 _cBOOK
999 _c1215980
_d1215977